Modern encyclopaedia of educational administration : dynamics of elementary school administration

Bibliographic Details
Format: Book
Published: New Delhi : Rajat Publications , 2006
Edition:Volume 2
Subjects:

MARC

LEADER 00000cam a2200000 7i4500
001 0000032256
005 20120528.0
008 120528
020 |a 8178801795 (set) 
090 0 0 |a 371.203   |b MOD 
245 1 0 |a Modern encyclopaedia of educational administration :   |b dynamics of elementary school administration   |c edited by R.K. Ramanna 
250 |a Volume 2 
260 |a New Delhi :   |b Rajat Publications ,   |c 2006 
650 0 |a School management and organization 
999 |a 0001027694   |b Book   |c REFERENCE   |e Perbadanan Perpustakaan Awam Johor